<?xml version="1.0" encoding="UTF-8"?>
<marc:record xmlns:marc="http://www.loc.gov/MARC21/slim">
   <marc:leader>00000nam a2200000 a 4500</marc:leader>
   <marc:datafield ind1="1" ind2=" " tag="100">
      <marc:subfield code="a">Braun, Christina</marc:subfield>
      <marc:subfield code="4">aut</marc:subfield>
      <marc:subfield code="e">Verfasser/-in</marc:subfield>
   </marc:datafield>
   <marc:datafield ind1="0" ind2="0" tag="245">
      <marc:subfield code="a">Echsen</marc:subfield>
   </marc:datafield>
   <marc:datafield ind1="0" ind2="0" tag="245">
      <marc:subfield code="c">Christina Braun</marc:subfield>
   </marc:datafield>
   <marc:datafield ind1=" " ind2="1" tag="264">
      <marc:subfield code="a">Nürnberg</marc:subfield>
      <marc:subfield code="b">Tessloff Verlag Ragnar Tessloff GmbH &amp; Co. KG</marc:subfield>
      <marc:subfield code="c">2025</marc:subfield>
   </marc:datafield>
   <marc:datafield ind1="1" ind2=" " tag="490">
      <marc:subfield code="a">WAS IST WAS Erstes Lesen</marc:subfield>
   </marc:datafield>
   <marc:datafield ind1="1" ind2=" " tag="520">
      <marc:subfield code="a">Willkommen in der faszinierenden Welt der Echsen! Ganz viel Wissen über die außergewöhnlichen Tiere gibt es jetzt speziell für Leseanfängerinnen und Leseanfänger – von der Lebensweise und den verschiedenen Arten bis hin zu ihren Superkräften. Mit einfachen Sätzen und kurzen Texten lernen Kinder nicht nur das Lesen, sondern erfahren, was Echsen ausmacht und wie sie leben. Warum können Echsen ihre Körpertemperatur nicht selbst steuern? Wie und warum werfen sie ihren Schwanz ab? Echsen sind in unterschiedlichen Lebensräumen zu finden, von der Wüste bis zum Regenwald. Die Texte sind durch die Fibelschrift an den Lesestart angepasst und ein Lesequiz am Ende jedes Kapitels zeigt, ob die Inhalte richtig verstanden wurden. Ein informatives und spannendes Erstlesebuch für die Lesestufe 2.</marc:subfield>
   </marc:datafield>
   <marc:datafield ind1=" " ind2=" " tag="020">
      <marc:subfield code="a">9783788677404</marc:subfield>
      <marc:subfield code="9">9783788677404</marc:subfield>
   </marc:datafield>
   <marc:datafield ind1=" " ind2=" " tag="020">
      <marc:subfield code="a">3788677406</marc:subfield>
      <marc:subfield code="9">3788677406</marc:subfield>
   </marc:datafield>
   <marc:datafield ind1=" " ind2=" " tag="041">
      <marc:subfield code="a">ger</marc:subfield>
   </marc:datafield>
   <marc:datafield ind1=" " ind2=" " tag="300">
      <marc:subfield code="a">64 Seiten</marc:subfield>
   </marc:datafield>
</marc:record>
